| 000 | 01359nam0a22002891 4500 | ||
|---|---|---|---|
| 001 | rc\624873 | ||
| 005 | 20250621185933.0 | ||
| 035 | _a(NLR Aleph) 005867579 | ||
| 090 |
_a5944526 _c5944526 |
||
| 100 | _a20031121d1986 |||y0rusy50 ca | ||
| 101 | 0 | _arus | |
| 102 | _aRU | ||
| 105 | _aa ||||||||| | ||
| 200 | 1 |
_aИзучение физико-химических и микробиологических свойств молока и молочных продуктов _dInvestigations of the chemico-physical and microbiological properties of milk and milk products _e[Сб. ст.] |
|
| 210 |
_aВильнюс _cМокслас _d1986 |
||
| 215 |
_a173 с. _cил. _d22 |
||
| 225 | 1 |
_aСборник научных трудов _fЛит. фил. ВНИИ маслодел. и сыродел. пром-сти, Каунас. политехн. ин-т им. А. Снечкуса _vТ. 19 |
|
| 300 | _aПарал. загл. также: на лит. яз. | ||
| 300 | _aНа обл. только загл. сер.: Труды | ||
| 300 | _aРез. на лит. и англ. яз. | ||
| 320 | _aБиблиогр. в конце ст. | ||
| 510 | 0 | _aInvestigations of the chemico-physical and microbiological properties of milk and milk products | |
| 801 | 0 |
_aRU _bNLR _gpsbo |
|
| 801 | 1 |
_aRU _bELAR _2rusmarc |
|
| 852 |
_aNLR _jП11/2336 |
||
| 942 | _cBOOK | ||
| 980 | _aNB | ||